Biggest cities in the Miami Area - Statistics

General Stats
  • This quiz has been taken 33 times
  • The average score is 11 of 30
Answer Stats
Hint Answer % Correct
432,620 Miami
96%
235,630 Hialeah
84%
175,150 Fort Lauderdale
80%
91,780 Miami Beach
80%
148,110 Hollywood
76%
112,510 Miami Gardens
64%
91,700 Boca Raton
56%
133,740 Miramar
48%
62,160 North Miami
48%
106,000 Pompano Beach
48%
72,750 Boynton Beach
36%
127,670 Coral Springs
36%
98,720 Davie
36%
78,640 Deerfield Beach
36%
65,690 Homestead
36%
65,040 Delray Beach
32%
91,180 Sunrise
32%
90,880 Plantation
32%
70,450 Lauderhill
24%
68,890 Weston
24%
60,600 Jupiter
20%
63,750 Tamarac
20%
57,730 Coconut Creek
16%
74,560 Kendall
16%
61,370 Wellington
12%
57,800 Tamiami
8%
57,360 Fountainebleau
4%
59,220 Kendale Lakes
4%
164,750 Pembroke Pnes
4%
104,980 W Palm Beach
4%
No matching quizzes found
Score Distribution
Percent of People with Each Score
Percentile by Number Answered
Your Score History
You have not taken this quiz